000 01806cam a2200409 a 4500
001 12205533
003 OSt
005 20140310184453.0
008 001019s2003 nyua b 000 0beng
010 _a 00052223
020 _a0439730678
020 _a9780439730679
040 _aDLC
_cDLC
_dDLC
042 _alcac
043 _an-us---
050 0 0 _aE 457.905
_b.W56 2005
100 1 _aWinters, Kay.
_928207
245 1 0 _aAbe Lincoln :
_bthe boy who loved books /
_cKay Winters ; illustrated by Nancy Carpenter.
250 _a1st ed.
260 _aNew York :
_bSimon & Schuster Books for Young Readers,
_c2005.
300 _bcol. ill. ;
_c26 cm.
521 _aG2
526 _c480
600 1 0 _aLincoln, Abraham,
_d1809-1865
_vJuvenile literature.
_928208
600 1 0 _aLincoln, Abraham,
_d1809-1865
_xChildhood and youth
_vJuvenile literature.
_928209
600 1 0 _aLincoln, Abraham,
_d1809-1865
_xBooks and reading
_vJuvenile literature.
_928210
600 1 1 _aLincoln, Abraham,
_d1809-1865
_xChildhood and youth.
_928211
650 0 _aPresidents
_zUnited States
_vBiography
_vJuvenile literature.
_928212
650 1 _aPresidents.
_911310
700 1 _aCarpenter, Nancy
_eill.
_928213
856 4 2 _3Contributor biographical information
_uhttp://www.loc.gov/catdir/bios/simon051/00052223.html
856 4 2 _3Publisher description
_uhttp://www.loc.gov/catdir/description/simon031/00052223.html
906 _a7
_bcbc
_corignew
_d1
_eocip
_f20
_gy-gencatlg
942 _2lcc
_cBK-SCHOLAS
999 _c34619
_d34619